Представление документа в формате RUSMARC

ПолеНазваниеЗначение
  Тип записи a
  Библиографический уровень m
001 Контрольный номер bbaabce4b0324cd796e28fdccb046449
005 Дата корректировки 20260211155555.2
010 Индекс ISBN __
a ISBN 978-5-4449-0140-3
100 Данные общей обработки __
a Данные общей обработки 20251217d 0rusy0189## ca
101 Язык документа 0_
a Язык текста rus
102 Страна публикации __
a Страна публикации RU
200 Заглавие и сведения об ответственности 1_
a Заглавие Лошади
e Сведения, относящиеся к заглавию тематические уроки
f Первые сведения об ответственности Марк Бёрджин
g Последующие сведения об ответственности пер. с англ. Л. А. Борис
210 Выходные данные 1_
a Место издания Москва
c Издательство Арт-родник
d Дата издания 2014
215 Физическое описание __
a Объем 32 с.
c Иллюстрации/тип воспроизводства цв. ил.
225 Серия 2_
a Серия Как рисовать
300 Общие примечания __
a Общие примечания Алф. указ.: с. 32
606 Тематические рубрики 0_
a Основная рубрика Графика
610 Ключевые слова 0_
a Ключевые слова графика; самоучители рисования; школа рисования; рисование; обучение рисованию; пошаговое руководство; художественные приёмы; практические рекомендации; лошади; рисование лошадей; рисунки лошадей; тематическое рисование
686 Индексы других классификаций __
a Классификационный индекс 85.15
700 Автор _1
a Фамилия Бёрджин
b Имя (инициалы) М.
g Полное личное имя Марк
790 Имя лица - альтернативная форма _1
a Имя лица - альтернативная форма Берджин
801 Источник записи _0
a Страна RU
b Организация УОБДЮ
c Дата составления 20251217
g Правила каталогизации RCR
801 Источник записи _1
a Страна RU
b Организация УОБДЮ
c Дата составления 20251217
g Правила каталогизации RCR
830 Общее примечание каталогизатора __
a Текст примечания Д
852 Данные о местонахождении __
i Авторский знак Б 48
j Шифр хранения 85.15
900 Электронные ресурсы __
a Имя электронного ресурса 592486
901 Тип документа __
t Тип документа m
905 Данные по созданию БЗ __
b Логин пользователя, который создал БЗ imm
b Логин пользователя, который создал БЗ o8
a Дата создания БЗ 202602
909 Создатель записи __
b Дата создания записи 20251217